| 000 | 01373nas a2200277Ia 4500 | ||
|---|---|---|---|
| 001 | R235-R2512 | ||
| 003 | IT-CnALBA | ||
| 008 | 170116c99999999xx |||||||||||| ||und|| | ||
| 040 |
_aIT-CnALBA _cIT-CnALBA |
||
| 041 | _aPOLIGLOTTA | ||
| 100 | _aROSCHINI P. GABRIELE, OSM. | ||
| 210 | _aMARIANUM | ||
| 222 | _aMARIANUM | ||
| 245 | 0 | _aMARIANUM. EPHEMERIDES MARIOLOGIAE. N. I-IV. ANNO VII. 1945. | |
| 250 | _a1a ed. | ||
| 260 |
_a ROMA _bPONTI. FAC. TEOL. SERVI DI M. _c1945 |
||
| 300 | _a86 p. | ||
| 310 | _aTRIMESTRALE | ||
| 362 | _aFascicolo: 1-4 / Anno: 8 (1945) | ||
| 500 | _aL'ASSUNZIONE NELLA TEOLOGIA CONTEMPORANEA. MOVIMENTO MARIOLOGICO PER LA DEFINIZIONE DELL'ASSUNTA. DEFINIBILITA' DELL'ASSUNTA. UN INSEGNAMENTO DI PIO XII. RECENSIONE DI ROSCHINI G. PIANA C. ASSUNZIONE DELLA VERGINE NEGLI SCRITTORI DEL SECOLO XIII. JUGIE M. MORTE E ASSUNZIONE DI MARIA. | ||
| 501 | _aSocietà San Paolo EM - Piazza San Paolo, 14 - 12051 ALBA (CN) (non commercial uses only) ® Copyright 2017 | ||
| 520 | _aL'ASSUNZIONE NELLA TEOLOGIA CONTEMPORANEA. MOVIMENTO MARIOLOGICO PER LA DEFINIZIONE DELL'ASSUNTA. DEFINIBILITA' DELL'ASSUNTA. UN INSEGNAMENTO DI PIO XII. RECENSIONE DI ROSCHINI G. PIANA C. ASSUNZIONE DELLA VERGINE NEGLI SCRITTORI DEL SECOLO XIII. JUGIE M. MORTE E ASSUNZIONE DI MARIA. | ||
| 650 | _aANGELI SANTI DEMONI | ||
| 942 | _cCR | ||
| 957 | _71 | ||
| 999 |
_a12490 _bSI _g1 _c320587 _d320587 |
||